Mutual Teammates Football Quiz - Statistics

General Stats
  • This quiz has been taken 122 times
  • The average score is 4 of 6
Answer Stats
Picture Answer % Correct
Cristiano Ronaldo
99%
Mohamed Salah
77%
Robert Lewandowski
66%
Kieran Trippier
60%
Thiago Silva
59%
Paulo Dybala
46%
No matching quizzes found
Score Distribution
Percent of People with Each Score
Percentile by Number Answered
Your Score History
You have not taken this quiz